| 000 | 01134nam a2200289 i 4500 | ||
|---|---|---|---|
| 003 | OSt | ||
| 005 | 20241223100931.0 | ||
| 008 | 241223t20232023enka b 001 0 eng d | ||
| 020 |
_a9781803701639 _cRM 69.00 _qhardback |
||
| 040 |
_aPPAK _beng _cPPAK _erda |
||
| 082 | 0 | 4 |
_223 _a612 |
| 090 | 0 | 0 |
_a612 _bJAM _dK |
| 100 | 1 |
_aJames, Alice, _eauthor, _eeditor. |
|
| 245 |
_aAll you need to know about Your Body by age 7 / _cAlice James ; Illustrated by Stefano Tognetti ; Designed by Alice Reese |
||
| 246 | 3 | 0 | _aYour body |
| 336 |
_atext _2rdacontent |
||
| 337 |
_aunmediated _2rdamedia |
||
| 338 |
_avolume _2rdacarrier |
||
| 500 | _aIncludes index | ||
| 520 | _a"From your brilliant bones and buzzing brain, to big feelings and growing up, this book covers everything you need to know about your amazing body and how to look after it"--Publisher's description | ||
| 650 | 1 | 0 |
_aHuman anatomy _vJuvenile literature |
| 650 | 2 | 0 |
_aHuman body _vJuvenile literature |
| 655 | _aJuvenile works | ||
| 700 | 1 |
_aTognetti, Stefano, _d1966- _eillustrator. |
|
| 700 | 1 |
_aReese, Alice, _ebook designer. |
|
| 942 |
_2ddc _cB |
||
| 999 |
_c198084 _d198084 |
||